000 00878nam a22002897a 4500
003 CHAP
005 20220329143806.0
008 110823s1964 is r 00010 spa d
010 _a101916
011 _a102888
035 _a113577
040 _cCHAP
090 _aFolleto 18028
100 0 0 _aRam, M.
_993794
245 1 0 _aIrrigación de superficie
_c/por M. Ram
260 _aHerzelía, Israel :
_bEstado de Israel :
_bOEA,
_c1964
300 _a15 p. :
_bgráf.
590 _aBATCH-UPD
_b10
_c20130110
_lUCH01
_h1110
590 _aBATCH-UPD
_b10
_c20130410
_lUCH01
_h0701
590 _aBATCH-UPD
_b10
_c20130914
_lUCH01
_h1656
590 _aCONVERSION
_b10
_c20130109
_lUCH01
_h1356
650 1 4 _aIrrigación.
_960366
650 1 4 _aRiego de superficie.
_997372
901 _aBK
942 _cFOLL
949 _aFolleto 18028
_bBC
_cFOLL
_d33724002302520
_eTS1
_gDonaciØn
_i113577
_sb
999 _c101916
_d101916